000 00362nam a22001571a 4500
020 _a9788121404631
082 _aH3
_bMRI/M
100 _aMridula Garg
245 _aMeim aur meim/
_cby Mridula Garg
260 _aNew Delhi:
_bNational,
_c2001.
300 _a226p.
650 _aNovel Hindi
650 _aLiterature Hindi
650 _aLiterature
942 _cBK
999 _c28606
_d28606